| 000 | 00461nam a2200181Ia 4500 | ||
|---|---|---|---|
| 001 | 1827 | ||
| 005 | 20260306143757.0 | ||
| 008 | 260306t2007||||xx |||||||||||||| ||spa|| | ||
| 041 | _aESP | ||
| 082 |
_a155.643 _bC25 |
||
| 100 |
_aCantón Duarte, José _eAUT |
||
| 245 | 0 | _aConflictos entre los padres, divorcio y desarrollo de los hijos | |
| 260 | _c2007 | ||
| 300 |
_a276 páginas : _c24 cm. |
||
| 650 | _aGEN | ||
| 654 | _aCPS | ||
| 942 |
_cLIB _dJUS _fJUS _2ddc _n |
||
| 999 |
_c1827 _d1827 |
||